| 000 | 01482nam a2200205 a 4500 | ||
|---|---|---|---|
| 008 | 180206e2001 sp ||||| |||| 00| f spa d | ||
| 020 | _a8466302263 | ||
| 041 | _aspa | ||
| 092 |
_c808.8 _l30 _sGOR |
||
| 100 | 1 |
_aGordon, Noah _93488 |
|
| 245 | 3 |
_aEl último judio. _bEl viaje iniciático de un judio en la España de la inquisición / _cNoah Gordon |
|
| 250 | _a1a ed. | ||
| 260 |
_aMadrid: _bPunto de lectura; _c2001. |
||
| 300 | _a588 p. | ||
| 500 | _aGordon, N. (2001). El último judío. El viaje iniciático de un judío en la España de la inquisición. (1a ed.). Madrid : Suma de Letras. | ||
| 505 | _a"Solo delante de las casas abandonadas, Yonah se sentó a la sombra de un plátano. Trazó distraídamente cuatro puntos en la tierra: uno representaba a los cristianos viejos de España, otro a los moros y el tercero a los cristianos nuevos. El cuarto punto representaba a Yonah ben Helkias Toledano". El último judío toma como punto de partida la expulsión de los judíos en la España del siglo XV y como protagonista al joven Yonah Toledano. Cuando éste es separado de los únicos miembros de su famlia que quedan con vida, se ve forzado a buscar un nuevo lugar donde vivir sin tener que renunciar a sus creencias. Así, inicia un largo periplo por la España de la Inquisición, durante el cual tendrá que recurrir a su ingenio para salvaguardar su secreto. | ||
| 590 | _aDONACION MARIA VITARELLI DIC/2017. | ||
| 655 |
_aLiteratura _92917 |
||
| 942 |
_2ddc _cLIT |
||
| 999 |
_c2631 _d2631 |
||